000 00706nam a2200205Ii 4500
003 JO-AjNU
008 230605s9999||||xx |||||||||||||| ||und||
040 _aJO-AjNU
_bara
_erda
_cJO-AjNU
041 _aara
050 1 4 _aBP130.4.A5 1980
100 3 _aتاليف آل جعفر، مسلعد مسلم، م. مشارك محي هلال السرحان,
_eauthor
_919836
245 0 0 _aمناهج المفسرين
250 _aط1
264 3 1 _aبغداد: مؤسسة دار الكتب للطباعة والنشر، 1980
300 _a378ص
336 _atext
_btxt
_2rdacontent
337 _aunmediated
_bn
_2rdamedia
338 _avolume
_bnc
_2rdacarrier
650 4 _aقران كريم - تفسير
_919837
999 _aA6616
_c10184
_d10184